Départements d'Auvergne-Rhône-Alpes (Click) - Statistiques

Statistiques générales
  • Ce quiz a été pris 706 fois
  • Le résultat moyen est 8 sur 12
Statistiques - réponses
Hint Réponse % Correct

Haute-Savoie
81%

Savoie
80%

Allier
68%

Rhône
68%

Cantal
66%

Ain
63%

Isère
62%

Puy-de-Dôme
62%

Ardèche
58%

Loire
57%

Drôme
53%

Haute-Loire
48%
Aucun quiz correspondant
Distribution des résultats
% des personnes avec chaque résultat
Percentile par nombre de réponses
Votre historique - résultats
Vous n’avez pas pris ce quiz